00681nam a22002057a 4500003000500000005001700005008004100022010001000063011001000073035001000083040000900093100003200102245010900134260003700243300002100280502010000301650002900401650002000430650002500450CHAP20220329134427.0971013s1983 r 00010 d a20348 a21320 a25410 cCHAP00aArellano Dávila, Eduardo. aDinámica poblacional de Phyllophaga crinita (Burmeiste) capturadas con lámpara trampa, Marín, N.L. aMarín, N.L. :bEl autor,c1983 a63 h.b; gráfs aTesis (Ing. Agrónomo Parasitólogo) -- Univ. Autónoma de Nuevo León. Fac. de Agronomía14aLuzxEfecto en insectos.14aMaízxPlagas.14aPhyllophaga crinita.